Secretos de un gigante : (Registro nro. 20309)
[ vista simple ]
| 000 -CABECERA | |
|---|---|
| Campo de control | 00884nam a2200217 a 4500 |
| 005 - FECHA Y HORA DE LA ULTIMA TRANSACCION | |
| Campo de control | 20180824102159.0 |
| 008 - ELEMENTOS DE LONGITUD FIJA—INFORMACION GENERAL | |
| Campo de control | 180824s2018 ck a||||r|||| 00| 0 spa d |
| 020 ## - ISBN | |
| ISBN | 9789585851924 |
| 040 ## - FUENTE DE CATALOGACIÓN | |
| Agencia catalogadora original | CO-BoIAVH |
| Agencia transcriptora | CO-BoIAVH |
| 041 0# - IDIOMA | |
| Código de idioma para texto/pista de sonido o título separado | Español |
| 044 ## - PAÍS DE PUBLICACIÓN | |
| País de publicación | Colombia |
| 090 ## - CLASIFICACIÓN LOCAL | |
| Colección | I-UAND- |
| Consecutivo | 01 |
| 100 1# - ASIENTO PRINCIPAL--NOMBRE PERSONAL | |
| 9 (RLIN) | 101278 |
| Nombre personal | Buitrago, Zoraya |
| Término relacionado | autora |
| 245 ## - MENCION DE TITULO | |
| Título | Secretos de un gigante : |
| Parte restante del título | Aprendamos acerca de los chigüiros / |
| Mención de responsabilidad | Zoraya Buitrago, Santiago Herrera Alvarez y Andrew J. Crawford |
| 260 ## - PUBLICACION, DISTRIBUCION, ETC. (PIE DE IMPRENTA) | |
| Lugar de publicación, distribución, etc. | Bogotá (Colombia) : |
| Nombre del editor, distribuidor, etc. | Universidad de los Andes : |
| -- | Colciencias : |
| -- | Selva : |
| -- | Ficciones Sanadoras : |
| Fecha de publicación, distribución, etc. | 2018. |
| 300 ## - DESCRIPCION FISICA | |
| Extensión | 12 páginas sin numerar : |
| Otros detalles físicos | ilustraciones a color ; |
| Dimensiones | 10 x 21 cm. |
| 650 24 - ASIENTO SECUNDARIO DE MATERIA - TERMINO TEMATICO | |
| 9 (RLIN) | 85368 |
| Término temático o nombre geográfico como elemento de entrada | Chigüiros |
| Subdivisión de forma | Literatura juvenil |
| Subdivisión general | Hábitos y conducta |
| 700 1# - ASIENTO SECUNDARIO - NOMBRE PERSONAL | |
| 9 (RLIN) | 101279 |
| Nombre personal | Herrera Alvarez, Santiago |
| Término de relación | autor |
| 710 1# - ASIENTO SECUNDARIO - NOMBRE CORPORATIVO | |
| 9 (RLIN) | 101280 |
| Nombre corporativo o de jurisdicción como elemento de entrada | Crawford, Andrew J. |
| Unidad subordinada | autor |
| 942 ## - ELEMENTOS ADICIONALES (KOHA) | |
| Sistema de clasificación | Local |
| Tipo de ítem | Folleto |
No hay ítems disponibles.